Inovačná aktivita podnikov na Slovensku podľa klasifikácie ekonomických činností
Problematika inovačnej aktivity podnikov na Slovenku, miera inovovania podnikov podľa ich sektorového zamerania, t. j. ekonomickej činnosti. Vymedzenie pojmu inovácia a inovačná aktivita, vývoj počtu podnikov a podielu týchto inovančne aktívnych podnikov na celkovom počte podnikov v príslušnom sekto...
Saved in:
| Main Author: | |
|---|---|
| Other Authors: | |
| Format: | Book Chapter |
| Language: | Slovak |
| Subjects: | |
| Tags: |
No Tags, Be the first to tag this record!
|
MARC
| LEADER | 00000naa$a2200000$$$4500 | ||
|---|---|---|---|
| 001 | 0271043 | ||
| 005 | 20240502074245.5 | ||
| 041 | 0 | |a slo | |
| 044 | |a SK | ||
| 245 | 1 | 0 | |a Inovačná aktivita podnikov na Slovensku podľa klasifikácie ekonomických činností |c Emília Duľová Spišáková, Barbora Gontkovičová |
| 520 | |a Problematika inovačnej aktivity podnikov na Slovenku, miera inovovania podnikov podľa ich sektorového zamerania, t. j. ekonomickej činnosti. Vymedzenie pojmu inovácia a inovačná aktivita, vývoj počtu podnikov a podielu týchto inovančne aktívnych podnikov na celkovom počte podnikov v príslušnom sektore podľa klasifikácie ekonomických činností, so zameraním na podniky vykonávajúce rôzne druhy priemyselnej činnosti a podniky poskytujúce rozličné druhy služieb. Kľúčové slová:inovácie, inovačná aktivita, priemysel, služby, stavebníctvo | ||
| 610 | 2 | 0 | |a inovácia |
| 610 | 2 | 0 | |a stavebníctvo |
| 610 | 2 | 0 | |a podnik priemyselný |
| 610 | 2 | 0 | |a koronavírus |
| 610 | 2 | 0 | |a služby |
| 100 | 1 | |a Duľová Spišáková, Emília, 1983- | |
| 700 | 1 | |a Gontkovičová, Barbora, 1986- | |